000 00615nam a2200241Ia 4500
003 OSt
005 20220924123201.0
006 a|||||r|||| 00| 0
007 ta
008 220923b |||||||| |||| 00| 0 urd d
020 _c7.00
024 _a320079
037 _cTextual
040 _aARTS
_cARTS
_burd
041 _2urd
_aurd
082 _aO168,6v, L6
100 _aAkhtar Noorul Sayeed Au.
_9191935
245 0 _aNukoosh-e-Dakkan
260 _aMumbai
_c1976
650 _aURDU PROSE
_926866
942 _hO168,6v, L6
_cTEXL
_2CC
999 _c414684
_d414684